| 000 | 00708nam a22002417a 4500 | ||
|---|---|---|---|
| 003 | UA-OsUOA | ||
| 001 | 116614 | ||
| 007 | ta | ||
| 008 | 20160324b un ||||| |||| 00| 0 ukr d | ||
| 100 | _aОлійник Я.Б. | ||
| 700 | _aПістун М.Д. | ||
| 700 | _aМельничук А.Л. | ||
| 090 |
_a330(477) _bО-54 |
||
| 942 | _cSA | ||
| 040 |
_aUA-OsUOA _bukr _cUA-OsUOA _dUA-OsUOA |
||
| 245 | _aПро стратегію регіонального розвитку України: суспільно-географічний аспект | ||
| 300 | _aС.39-48 | ||
| 955 | _a0 | ||
| 041 | _aukr | ||
| 080 | _a330(477) | ||
| 773 | 0 | _w116610 | |
| 650 | 7 |
_a330 Економіка взагалі _2UDC |
|
| 999 |
_c402500 _d402500 |
||